Šesť stupňov. O našej budúcnosti na horúcejšej Zemi /
Salvato in:
| Autore principale: | |
|---|---|
| Natura: | Libro |
| Lingua: | slovacco |
| Pubblicazione: |
Bratislava :
Ing. Marián Šumšala,
2009
|
| Edizione: | 1. vydanie |
| Tags: |
Nessun Tag, puoi essere il primo ad aggiungerne!!
|
MARC
| LEADER | 00000nam a22000003a 4500 | ||
|---|---|---|---|
| 001 | 0114482 | ||
| 003 | SK-STU | ||
| 005 | 20250228121634.0 | ||
| 007 | ta | ||
| 008 | 250228s ----xo-----e------000-0-----d | ||
| 020 | |a 978-80-970077-8-2 | ||
| 040 | |a STU |b slo | ||
| 041 | 0 | |a slo | |
| 044 | |a xo | ||
| 100 | 1 | |a Lynas, Mark |4 aut |r Z6 | |
| 245 | 1 | 0 | |a Šesť stupňov. O našej budúcnosti na horúcejšej Zemi / |c aut. Mark Lynas |
| 250 | |a 1. vydanie | ||
| 260 | |a Bratislava : |b Ing. Marián Šumšala, |c 2009 | ||
| 300 | |a 351 s. | ||
| 996 | |b 284EK90979 |c E* 90979 |l EE01 |s A |a 24 |w 0114482_0001 | ||